| 000 | 00426nam a2200205Ia 4500 | ||
|---|---|---|---|
| 001 | 000967 | ||
| 003 | YMCAF | ||
| 005 | 20230512160042.0 | ||
| 008 | 100717s1971 ||||||||||||||||| ||und|d | ||
| 024 | _a967 | ||
| 035 | _a949 | ||
| 040 |
_aYMCAF _beng _cIN-KoLT |
||
| 041 | _aeng | ||
| 082 | _aBAS-ASI | ||
| 100 | _aASIA VIDYA MODIR | ||
| 245 | 0 | _aBASIC WORK SHOP TECH. | |
| 260 | _c1971 | ||
| 300 | _a208 | ||
| 942 |
_2ddc _cBK |
||
| 999 |
_c771 _d771 |
||